000
00315nam a2200133Ia 4500
008
210312s9999||||xx |||||||||||||| ||und||
041
_a
osm
050
_a
BP130
050
_b
H35.İ54
100
_a
Erksan, Hakkı Nezihi
245
0
_a
İngilizce ilk kıraat
260
_c
1337
650
_a
Din--İslam dini--Kıraat
999
_c
22377
_d
22377